Cuentos folklóricos de los Asheninca
Uloženo v:
| Hlavní autor: | |
|---|---|
| Médium: | Kniha |
| Jazyk: | španělština |
| Vydáno: |
Pucallpa
Instituto Lingüístico de Verano
1986
|
| Edice: | Comunidades y Culturas Peruanas, 19, 20
|
| Témata: | |
| Tagy: |
Přidat tag
Žádné tagy, Buďte první, kdo vytvoří štítek k tomuto záznamu!
|
MARC
| LEADER | 00000nam a2200000 a 4500 | ||
|---|---|---|---|
| 001 | UCN5801 | ||
| 003 | CL-VaPUC | ||
| 008 | 010913e19860000pe |||||||||||||||||cni|d | ||
| 041 | 0 | 7 | |a cni |2 CL-VaPUC |
| 041 | 0 | 7 | |a spa |2 CL-VaPUC |
| 082 | 0 | 4 | |a 398.21 |b AND |2 21 |
| 100 | 0 | |a Anderson W., Ronald Jaime |e author |9 461483 | |
| 245 | 1 | 0 | |a Cuentos folklóricos de los Asheninca |
| 300 | |a v | ||
| 942 | |c BK | ||
| 945 | |d 20010913 00:00:00 |a rbrito | ||
| 260 | |a Pucallpa |b Instituto Lingüístico de Verano |c 1986 | ||
| 650 | 7 | |a LITERATURA FOLKLORICA PERUANA |2 CL-VaPUC |9 461484 | |
| 650 | 7 | |a CUENTOS FOLKLORICOS PERUANOS |2 CL-VaPUC |9 461485 | |
| 650 | 7 | |a LENGUA ASHENINCA |2 CL-VaPUC |9 461486 | |
| 650 | 0 | |a Español |9 255372 | |
| 650 | 7 | |a CUENTOS FOLKLORICOS ASHENINCAS |2 CL-VaPUC |9 461487 | |
| 651 | 0 | |a Perú |9 256567 | |
| 583 | |a last modification |c 20171218 11:59:17 |k Rodrigo Vera | ||
| 490 | 0 | |a Comunidades y Culturas Peruanas, 19, 20 | |
| 999 | |c 296954 |d 296952 | ||
| 952 | |0 0 |1 0 |4 0 |6 398_210000000000000_AND_1986 |7 0 |8 A |9 351265 |a FDOPOS |b FDOPOS |d 2019-11-21 |h v.2 |i 370775K |o 398.21 AND 1986 |p 370775K |r 2025-01-22 |w 2019-11-21 |y BK |k MLA | ||
| 952 | |0 0 |1 0 |4 0 |6 398_210000000000000_AND_1986 |7 0 |8 A |9 351266 |a FDOPOS |b FDOPOS |d 2019-11-21 |h v.3 |i 3687406 |o 398.21 AND 1986 |p 3687406 |r 2025-01-22 |w 2019-11-21 |y BK |k MLA | ||